Detalles MARC
| 000 -CABECERA |
| campo de control de longitud fija |
01393nam a2200289 a 4500 |
| 003 - IDENTIFICADOR DEL NÚMERO DE CONTROL |
| campo de control |
DO-SdBNP |
| 005 - FECHA Y HORA DE LA ÚLTIMA TRANSACCIÓN |
| campo de control |
20251105142853.0 |
| 007 - CAMPO FIJO DE DESCRIPCIÓN FÍSICA--INFORMACIÓN GENERAL |
| campo de control de longitud fija |
ta |
| 008 - DATOS DE LONGITUD FIJA--INFORMACIÓN GENERAL |
| campo de control de longitud fija |
220801e20162018dr adb|fr|||| 001 0 spa d |
| 040 ## - FUENTE DE LA CATALOGACIÓN |
| Centro catalogador/agencia de origen |
DO-SdBNP |
| Lengua de catalogación |
spa |
| Centro/agencia transcriptor |
BNPHU |
| 082 #4 - NÚMERO DE LA CLASIFICACIÓN DECIMAL DEWEY |
| Número de edición |
22 |
| Número de documento/Ítem |
S456f |
| 245 03 - MENCIÓN DE TÍTULO |
| Título |
El seguro familiar de salud: |
| Resto del título |
encuesta nacional de hogares de propósito múltiples 2016. / |
| 260 ## - PUBLICACIÓN, DISTRIBUCIÓN, ETC. |
| Lugar de publicación, distribución, etc. |
Santo Domingo : |
| Nombre del editor, distribuidor, etc. |
SISALRIL, |
| Fecha de publicación, distribución, etc. |
2018 |
| 300 ## - DESCRIPCIÓN FÍSICA |
| Extensión |
115 p. : |
| Otras características físicas |
il., gráf., mapas ; |
| Dimensiones |
28 cm. |
| 500 ## - NOTA GENERAL |
| Nota general |
Incluye glosarios de términos. |
| 505 #0 - NOTA DE CONTENIDO CON FORMATO |
| Nota de contenido con formato |
Glosario. |
| 505 #0 - NOTA DE CONTENIDO CON FORMATO |
| Nota de contenido con formato |
Introducción.-- |
| 505 #0 - NOTA DE CONTENIDO CON FORMATO |
| Nota de contenido con formato |
Ficha técnica. |
| 505 #0 - NOTA DE CONTENIDO CON FORMATO |
| Nota de contenido con formato |
Objetivos. |
| Título |
I. Conocimiento y percepción sobre el Seguro Familiar de Salud (SFS).-- |
| -- |
II. Tenencia de seguro de salud.-- |
| -- |
IV: Población sin cobertura de salud.-- |
| -- |
V. Experiencia con el uso del seguro Familia de salud.-- |
| -- |
VI. Servicios de Salud por emergencias para afiliados y no afiliados al Seguro Familiar de Salud. |
| -- |
Cuadros.-- |
| -- |
Mapas.-- |
| -- |
Gráficos. |
| 650 #4 - PUNTO DE ACCESO ADICIONAL DE MATERIA--TÉRMINO DE MATERIA |
| 9 (RLIN) |
37093 |
| Término de materia o nombre geográfico como elemento de entrada |
Administración de Riesgos Laborales |
| Subdivisión geográfica |
República Dominicana |
| 650 #4 - PUNTO DE ACCESO ADICIONAL DE MATERIA--TÉRMINO DE MATERIA |
| 9 (RLIN) |
78840 |
| Término de materia o nombre geográfico como elemento de entrada |
Seguridad social |
| Subdivisión geográfica |
República Dominicana |
| 650 #4 - PUNTO DE ACCESO ADICIONAL DE MATERIA--TÉRMINO DE MATERIA |
| 9 (RLIN) |
76715 |
| Término de materia o nombre geográfico como elemento de entrada |
Seguros contra accidentes de trabajo |
| Subdivisión geográfica |
República Dominicana |
| 710 1# - PUNTO DE ACCESO ADICIONAL--NOMBRE DE ENTIDAD CORPORATIVA |
| Nombre de entidad corporativa o nombre de jurisdicción como elemento de entrada |
República Dominicana. |
| Unidad subordinada |
Oficina Nacional de Estadística |
| 9 (RLIN) |
5775 |
| 710 ## - PUNTO DE ACCESO ADICIONAL--NOMBRE DE ENTIDAD CORPORATIVA |
| Nombre de entidad corporativa o nombre de jurisdicción como elemento de entrada |
Superintendencia de Salud y Riesgo Laboral (SISALRIL) |
| 9 (RLIN) |
82128 |
| 910 ## - DATOS DE OPCIÓN DEL USUARIO (OCLC) |
| Datos de opción del usuario |
MFeliz |
| 942 ## - ELEMENTOS DE PUNTO DE ACCESO ADICIONAL (KOHA) |
| Fuente del sistema de clasificación o colocación |
Dewey Decimal Classification |
| Tipo de ítem Koha |
Libro |